| 000 | 01246nam0a22002771 4500 | ||
|---|---|---|---|
| 001 | rc\4415784 | ||
| 005 | 20260406184525.0 | ||
| 021 |
_aRU _b[64-71451] |
||
| 035 | _a(NLR Aleph) 008566865 | ||
| 090 |
_a8500602 _c8500602 |
||
| 100 | _a20130416d1964 |||y0rusy50 ca | ||
| 101 | 0 | _arus | |
| 102 | _aRU | ||
| 105 | _ay z ||||| | ||
| 200 | 1 |
_aЗа чистоту марксизма-ленинизма _eМатериалы науч. сессии Акад. обществ. наук при ЦК КПСС, Ин-та марксизма-ленинизма при ЦК КПСС, Высш. парт. школы при ЦК КПСС и гуманитарных ин-тов Акад. наук СССР |
|
| 210 |
_aМосква _cМысль _d1964 |
||
| 215 |
_a328 с. _d22 |
||
| 601 | 0 | 2 |
_aКоммунистическая партия Китая _jСборники _2psbo |
| 601 | 0 | 2 |
_aКПСС _jСборники _2psbo |
| 606 |
_aМарксизм-ленинизм _jСборники _2psbo |
||
| 712 | 0 | 2 |
_aАкадемия общественных наук _bНаучная сессия _cМосква _f1964 _9395521 _3RU\NLR\AUTH\889949895 |
| 801 | 0 |
_aRU _bNLR _gpsbo |
|
| 801 | 1 |
_aRU _bELAR _2rusmarc |
|
| 852 |
_aNLR _j64-5/4448 |
||
| 942 | _cBOOK | ||
| 980 | _aNB | ||